|
|
|
|
| LEADER |
00000naa2a2200000 4500 |
| 001 |
386304 |
| 005 |
20231101063450.0 |
| 035 |
|
|
|a (RuTPU)RU\TPU\prd\14971
|
| 090 |
|
|
|a 386304
|
| 100 |
|
|
|a 20030609a2003 k y0rusy50 ca
|
| 101 |
0 |
|
|a rus
|
| 102 |
|
|
|a UA
|
| 200 |
1 |
|
|a Обезвоживание ферромагнитных шламов
|f А. Н. Кушка, Г. М. Кочетов, Н. Г. Степовая
|
| 225 |
1 |
|
|a Очиска и переработка отходов
|
| 320 |
|
|
|a Библиогр.: 5 назв.
|
| 461 |
|
1 |
|0 (RuTPU)RU\TPU\prd\1029
|x 0235-3482
|t Экотехнологии и ресурсосбережение
|o научно-технический журнал
|f Национальная академия наук Украины (НАНУ) ; Институт газа Украины
|d 1994-2008
|
| 463 |
|
1 |
|0 (RuTPU)RU\TPU\prd\14827
|t № 2
|v С. 52-54
|d 2003
|
| 610 |
1 |
|
|a сточные воды
|
| 610 |
1 |
|
|a железосодержащие шламы
|
| 610 |
1 |
|
|a обезвоживание шламов
|
| 610 |
1 |
|
|a гальванические покрытия
|
| 610 |
1 |
|
|a шламы
|
| 610 |
1 |
|
|a использование
|
| 675 |
|
|
|a 628.16
|v 3
|
| 700 |
|
1 |
|a Кушка
|b А. Н.
|
| 701 |
|
1 |
|a Кочетов
|b Г. М.
|
| 701 |
|
1 |
|a Степовая
|b Н. Г.
|
| 801 |
|
1 |
|a RU
|b 63413507
|c 20030609
|g PSBO
|
| 801 |
|
2 |
|a RU
|b 63413507
|c 20120412
|g PSBO
|
| 942 |
|
|
|c BK
|